[Event "Rhein Main op 07th"]
[Site "Bad Homburg"]
[Date "2004.06.12"]
[Round "6.64"]
[White "Bethge, Vincent"]
[Black "Baqui, Khalid"]
[Result "0-1"]
[WhiteElo "1523"]
[BlackElo "1219"]
[PlyCount "84"]
[EventDate "2004.06.09"]
[EventType "swiss"]
[EventRounds "7"]
[EventCountry "GER"]
[SourceTitle "CBM 100 Extra"]
[Source "ChessBase"]
[SourceDate "2004.07.06"]
[SourceVersion "2"]
[SourceVersionDate "2004.07.06"]
[SourceQuality "1"]

1. e4 e5 2. f4 exf4 3. Nf3 h6 4. h4 d5 5. e5 Be7 6. d4 Bg4 7. Bxf4 Bxf3 8. Qxf3 Bxh4+ 9. g3 Be7 10. Bd3 Nc6 11. c3 g6 12. Qg4 h5 13. Qf3 Qd7 14. Bf1 Nh6 15. Bxh6 Rxh6 16. Bh3 Qd8 17. Rf1 Rh7 18. e6 f6 19. Qd3 Rg7 20. g4 hxg4 21. Bxg4 Qd6 22. Nd2 0-0-0 23. 0-0-0 Rf8 24. Bf3 Qxe6 25. Qb5 Rd8 26. Rde1 Qd6 27. Nb3 a6 28. Qd3 Kb8 29. Nc5 Na5 30. b3 Qf4+ 31. Kb2 Bxc5 32. dxc5 Nc6 33. Bxd5 Qg5 34. c4 Ne5 35. Qe4 c6 36. Bxc6 bxc6 37. Rd1 Rgd7 38. Rxd7 Rxd7 39. Ka3 Qd2 40. Rxf6 Qa5+ 41. Kb2 Rd2+ 42. Kc1 Nd3+ 0-1

[Event "Rhein Main op 07th"]
[Site "Bad Homburg"]
[Date "2004.06.10"]
[Round "3.62"]
[White "Schwoebel, Ann Kathrin"]
[Black "Bethge, Vincent"]
[Result "1-0"]
[WhiteElo "1236"]
[BlackElo "1523"]
[PlyCount "95"]
[EventDate "2004.06.09"]
[EventType "swiss"]
[EventRounds "7"]
[EventCountry "GER"]
[SourceTitle "CBM 100 Extra"]
[Source "ChessBase"]
[SourceDate "2004.07.06"]
[SourceVersion "2"]
[SourceVersionDate "2004.07.06"]
[SourceQuality "1"]

1. e4 e5 2. Nf3 Nc6 3. Bc4 Nf6 4. Nc3 d6 5. d3 Bg4 6. h3 Bh5 7. Bb5 Be7 8. Bg5 h6 9. Bxf6 Bxf6 10. Nd5 0-0 11. c3 a6 12. Ba4 b5 13. Bc2 Bg5 14. 0-0 Ne7 15. Ne3 Bxe3 16. fxe3 Qd7 17. d4 Rad8 18. Qe1 f6 19. Nh4 Bf7 20. Qg3 Qe8 21. Rxf6 Kh7 22. Rf2 Ng6 23. Nf5 Be6 24. Raf1 Bc4 25. Re1 Be6 26. d5 Bc8 27. Bd1 Rf6 28. Ref1 Qf8 29. Bh5 Rd7 30. Nh4 Nxh4 31. Qxh4 g5 32. Qg3 Rxf2 33. Rxf2 Qg7 34. Qf3 Re7 35. b3 Bd7 36. c4 b4 37. Rc2 Be8 38. Bg4 Bg6 39. Bf5 Rf7 40. c5 Bxf5 41. exf5 Qf6 42. e4 dxc5 43. Rxc5 Qb6 44. Qe3 a5 45. Kh2 Rf6 46. Qc1 Rf7 47. h4 gxh4 48. Rc6 1-0